Knižnica Ústavu experimentálnej fyziky SAV

Bibliographic Details
Main Author: Fedáková, Eva (Author)
Format: Article
Language:Slovak
PhysicalDescription:Obr.
Subjects:
Online Access:http://www.vkjb.sk/vkjb_zdroje/casopis_knihovnik/2006_01/10.pdf

MARC

LEADER 00000nab a2200000 a 4500
001 vtls008936333
003 SK-MaSNL
005 20260303220646.0
008 070117 2006 xo 000 0 slo
038 |a KEVKJB 
040 |a KEVKJB  |b slo  |c KEVKJB  |e AACR2 
041 0 |a slo 
044 |a xo  |c SK 
080 |a 027.07  |2 2001 
080 |a 53:061.6  |2 2001 
100 1 |a Fedáková, Eva  |4 aut  |9 267071 
245 1 0 |a Knižnica Ústavu experimentálnej fyziky SAV  |c Eva Fedáková 
300 |a Obr. 
610 2 7 |a Slovenská akadémia vied.  |b Ústav experimentálnej fyziky.  |b Knižnica  |2 kevkjb  |9 223883 
651 7 |a Košice (Slovensko)  |2 kevkjb  |9 18694 
773 0 |t Knihovník  |g Roč. 28 , č. 1 (2006), s. 10-12 
852 |a KEVKJB  |b KIS3GCP 
856 4 1 |u http://www.vkjb.sk/vkjb_zdroje/casopis_knihovnik/2006_01/10.pdf 
958 |a KL 
999 |c 2228343  |d 2230273